000 00563nam a22001697a 4500
999 _c41034
_d41034
003 OSt
005 20210226121255.0
008 210226b ||||| |||| 00| 0 eng d
020 _a9788178243863
040 _coclc
082 _a954.025072
_bALA/W
100 _92385
_aAlam, Muzaffar
245 _aWriting The Mughal World /
_bStudies In Political Culture
_cMuzaffar Alam ; Sanjay Subrahmanyam
260 _aNew Delhi:
_bPermanent Black Publication,
_c2014.
300 _a516p
942 _2ddc
_cBK
_h954.025072
_iALM/W
_k954.025072
_mALM/W